Bandiere casuali °7 - Statistics

Statistiche generali
  • Questo quiz è stato fatto 34 volte
  • Il punteggio medio è 15 su 16
Statistiche sulle risposte
con Immagini Risposta % Corretto
Austria
100%
Emirati Arabi Uniti
100%
Ghana
100%
Grecia
100%
Nigeria
100%
Romania
100%
Svizzera
100%
Monaco
97%
Nepal
97%
Laos
91%
Maldive
91%
Liberia
88%
Suriname
85%
Saint vincent e Grenadine
82%
Uzbekistan
82%
Zimbabwe
79%
Nessun quiz corrispondente trovato
Distribuzione punteggi
Percentuale di utenti per punteggio
Percentile per numero di risposta
I tuoi punteggi nel tempo
Non hai fatto questo quiz